Axes par classe : nommez - Statistiques

Statistiques générales
  • Ce quiz a été pris 19 fois
  • Le résultat moyen est 14 sur 41
Statistiques - réponses
Classe Axe % Correct
Diversité et inclusion
100%
Art et pouvoir
75%
Le Royaume-Uni
75%
Les États-Unis
75%
Le passé dans le présent
50%
L'Irlande
50%
Territoire et mémoire
50%
Vivre entre générations
50%
Troisième À la rencontre de l’autre
25%
Arts et expression des sentiments
25%
Citoyenneté et mondes virtuels
25%
Créer et recréer
25%
Défis et transitions
25%
Des langues, des lieux, des histoires
25%
École et loisirs
25%
Enjeux et formes de la communication
25%
Terminale Espace privé et espace public
25%
Fictions et réalités
25%
Formes de l'engagement
25%
Première Identités et échanges
25%
Imaginaire, contes et légendes
25%
Innovations scientifiques et responsabilité
25%
Inventer, innover, créer
25%
Langages et médias
25%
Langages et messages artistiques
25%
Le quotidien : lieux, rythmes, saisons
25%
Le quotidien : vivre, jouer, apprendre
25%
Le réel et l'imaginaire
25%
Le Royaume-Uni et ses nations
25%
Les aires anglophones américaines
25%
Les pays du Commonwealth : héritages, unité, diversité
25%
L'être humain et la nature
25%
Pays et paysages
25%
Sixième Personnes et personnages
25%
Cinquième Portrait, autoportrait
25%
Seconde Représentation de soi et rapport à autrui
25%
Quatrième Sport et société
25%
Travailler hier, aujourd'hui, demain
25%
Villes, villages, quartiers
25%
Voyages et explorations
25%
Voyages et migrations
25%
Aucun quiz correspondant
Distribution des résultats
% des personnes avec chaque résultat
Percentile par nombre de réponses
Votre historique - résultats
Vous n’avez pas pris ce quiz